000 00765nam a22002177a 4500
003 OSt
005 20240830175203.0
008 198906b 1989 dr 00| 0 spa d
040 _aDO-SdBNP
_bspa
_cBNPHU
082 _a345.05
_bC475c, 1989
100 1 _aDunlop, Víctor Máximo Charles
_986486
245 1 0 _aCurso de derecho penal especial :
_brevisado /
_cVíctor Máximo Charles Dunlop.
260 _aSanto Domingo :
_bLibrería La Filantrópica,
_c1989.
300 _a526 p.
_c21 cm.
500 _aIncluye referencias bibliográficas y notas al pie de las paginas.
504 _aBibliografía : p. 523-526.
590 _aInventariado, 2020 /LP
650 0 _aDerecho penal
_zRepública Dominicana
_917405
910 _aValidado. Control de calidad MFF
942 _2ddc
_cLF1
999 _c48824
_d48824